MDQL
is popping MORE tags! Check the
thread
!
Quizzes
Events
Quiz Creation
Community
Videos
Private Events
Remove Ads
Sign In
Join for FREE
Feedback
Dark Mode
Quiz Categories
Sports
Geography
Music
Movies
Television
Just For Fun
Miscellaneous
History
Literature
Language
Science
Gaming
Entertainment
Religion
Holiday
For Kids
Quiz Lab
Recent
Popular Today
Quiz Kudos Today
Editor Picks
Curator Picks
Quizzes by...
Day
Popularity
Type
Ratings
Length
Year
Community
Subscriptions
Recent Discussions
Orange Saloon
Badges
Playlists
Quests
Create
Leaderboards
Showdown
Live 5
Trivia Bingo
Activity
Puzzle Library
Sporcle Events
Private Events
Virtual Trivia
Globe League
Become a Host
Pub Owners
SporcleCon
Opinionation
Our Games
Videos
Blog
Mobile Apps
Partnerships
Remove Ads and Go Orange
Feedback
History
US Presidents
World Leaders
Politics
Nation
Discovery
War
Decade
Year
Century
Biography
Art
History
US Presidents
World Leaders
Politics
Nation
Discovery
War
Decade
Year
Century
Biography
Art
Random Quiz
Search Sporcle
×
Quiz Lab
Quiz Lab
History
Period
Type in answers that appear in a list
Type in answers that appear in a list
Classic
Best Score? Go Orange.
Kings and Queens of The Netherlands Stats
Can you name the Kings and Queens of The Netherlands?
By
Rutger
60s
8 Questions
291 Plays
291 Plays
291 Plays
Comments
Comments
Give Quiz Kudos
Give Quiz Kudos
-
- Ratings
hide this ad
Replay
Link that replays current quiz
Next Quiz
Link to next quiz in quiz playlist
You Got
0%
They Got
Avg Score
83%
Avg Friend Score
Upgrade to see
Score Distribution
Jump to the score distribution portion of the page
Score
0/8
Timer
01:00
0
Plays Today
Period
King / Queen
% Correct
1980-
2013
Beatrix
91.8%
1815-
1840
William I
88%
1840-
1849
William II
87.6%
1948-
1980
Juliana
86.6%
1849-
1890
William III
85.9%
1890-
1948
Wilhelmina
84.2%
2013-
Present
Willem-Alexander
78.4%
First in Line of Succesion
Catharina-Amalia
68.7%
Quiz Playlist
Details
Report
Send in Message
Add To Playlist
Classic:
Type in answers that appear in a list
Quiz Source
Last Updated: Feb 16, 2017
Quiz Scoreboard
CHALLENGE
Sign Up to Join the Scoreboard
Show All
Scores
Hide
Comments
May contain spoilers
Recently Published
Find the 'City' Movie
by crazypaving
Movies
60s
5x2 Blitz: Bands
by SL_Kpop136
Music
30s
Colored Red Africa Blitz
by spor1
Geography
30s
More to Explore
Quiz From the Vault
Featured Blog Post
14 Easter Pick-up Lines to Find Eggs With
hide this ad
You Might Also Like...
Tags
Born
King
Netherlands
Period
Queen
Today's Top Quizzes in History
Browse History
hide this ad
Today's Top Quizzes in Period
Browse Period
Top Contributed Quizzes in History
1
Popular People in 1991
2
US National Parks Named After People
3
Order Up: 1000 Years of World Events I
4
Popular People in 1981
5
Popular People in 1951
6
Popular People in 1941
7
Popular People in 1986
8
Popular People in 1921
9
Popular People in 1976
10
Magic 10 Blitz: U.S. Presidents
Explore More
Trending Topics
Harry Potter
Disney
Marvel
Anime
Crossword
NBA
Kpop
Song
Pokémon
Puzzle
NFL
WWE
Soccer
The Office
Country
hide this ad
More By:
Rutger
Quiz
Plays
Rating
Category
Featured
Created
Nick Cave and the Bad Seeds albums
963
5.00
Music
Apr 10, 2010
NME's Best 50 Albums of the 80's
669
4.50
Music
Apr 6, 2010
Dutch Soccer Team 1988
430
Sports
Jun 17, 2010
The Netherlands Largest Cities
400
5.00
Geography
Mar 5, 2010
Dutch Top 100 of the Eighties
314
5.00
Music
Nov 6, 2009
Go to Creator's Profile
Score Distribution
Quiz Creator Spotlight
Rutger
Follow
Send a Message
Quizzes Created
-
Created Quiz Play Count
-
More By This Creator
Popular Quizzes Today
1
Colored Red Africa Blitz
2
Find the 'City' Movie
3
5x2 Blitz: Bands
4
Find the US States - No Outlines Minefield
5
The Countries of the World
6
Find the US States
7
9x9 Crossword: Cartoon Network
8
US States
More History Quizzes
Famous Portuguese People
Curator's Pick
Trending Quizzes
Colored Red Europe Blitz I
Colored Red Africa Blitz II
Colored Red Africa Blitz III
Colored Red Europe Blitz III
Colored Red Europe Blitz II
Recently Updated
Champions League XIs: Real Madrid
pecheneg
Largest US Cities 1790-2010
pecheneg
Rides in Walt Disney World
pecheneg
Most Oscar Losses (Acting)
pecheneg
Beyoncé Albums
pecheneg
Leaping Animals
pecheneg
Reality TV Shows (A-Z)
bhenderson79
Rickey Henderson's Hall of Fame Teammates
pecheneg
Champions League XIs: Arsenal
pecheneg
Quick Pick: Celebrities in WWE's Hall of Fame
aduchscher
Trending Topics
Kpop
NBA
Marvel
Anime
Crossword
Harry Potter
Disney
Song
Soccer
Country
NFL
Puzzle
The Office
Pokémon
WWE
Your Account Isn't Verified!
In order to create a playlist on Sporcle, you need to verify the email address you used during registration. Go to your
Sporcle Settings
to finish the process.
Report this User
Report this user for behavior that violates our
Community Guidelines
.
Details:
Send Report
Go to the Sporcle.com Mobile Site →
Comments